[Event "Glenco Chess IM 2014"]
[Site "Fredericia"]
[Date "2014.05.24"]
[Round "7"]
[White "Carstensen, Jacob"]
[Black "Teplyi, Igor"]
[Result "1/2-1/2"]
[WhiteElo "2373"]
[BlackElo "2382"]
[PlyCount "40"]
[EventDate "2014.??.??"]



1. d4 d5 2. c4 c6 3. Nf3 Nf6 4. Nc3 a6 5. c5 g6 6. Bf4 Bg7 7. h3 Bf5 8. g4 Be4
9. Bg2 Nbd7 10. O-O h6 11. Qb3 Qc8 12. Rfd1 O-O 13. Rac1 Re8 14. Na4 Ra7 15.
Nb6 Qd8 16. Bg3 a5 17. Na4 Qc8 18. Nb6 Qd8 19. Na4 Qc8 20. Nb6 Qd8 1/2-1/2

[Event "Glenco Chess IM 2014"]
[Site "Fredericia"]
[Date "2014.05.24"]
[Round "7"]
[White "Bank Friis, Carsten"]
[Black "Gergacz, Attila"]
[Result "1-0"]
[WhiteElo "2236"]
[BlackElo "2357"]
[PlyCount "141"]
[EventDate "2014.??.??"]



1. d4 Nf6 2. Nf3 g6 3. g3 Bg7 4. Bg2 O-O 5. O-O d6 6. Nc3 Nbd7 7. e4 e5 8. dxe5
dxe5 9. Qe2 c6 10. Nd2 b5 11. Nd1 a5 12. Ne3 Qc7 13. Rd1 Nc5 14. f3 Ne6 15. Qf2
Nd7 16. Bh3 Nb6 17. Ndf1 f5 18. exf5 Ng5 19. Bg2 gxf5 20. f4 Ne4 21. Bxe4 fxe4
22. f5 Nd5 23. Qg2 Qb6 24. g4 Nf4 25. Qxe4 Bb7 26. Rd7 Rad8 27. Rxb7 Qxb7 28.
Bd2 Qb6 29. Kh1 Nh3 30. Qg2 Nf4 31. Qf3 Ne6 32. Qg2 Nf4 33. Qf3 Bf6 34. Be1 Kh8
35. Ng3 Nh3 36. Ne4 Ng5 37. Nxg5 Bxg5 38. Ng2 Rd5 39. h4 Bf6 40. c3 Qd8 41. g5
Bxg5 42. hxg5 Qxg5 43. Nh4 Rf6 44. Bf2 Rh6 45. Qe4 Qf4 46. Qxf4 exf4 47. Kg1
Kg7 48. Re1 Kf7 49. Kg2 Rd2 50. Nf3 Rxb2 51. Ne5+ Kf8 52. f6 Rxf6 53. Nd7+ Kf7
54. Nxf6 Kxf6 55. Kf3 Rxa2 56. Bd4+ Kf7 57. Kxf4 b4 58. cxb4 axb4 59. Rh1 Ke6
60. Rxh7 Kd5 61. Rd7+ Kc4 62. Ke3 Ra3+ 63. Ke4 Rd3 64. Rd6 Rxd4+ 65. Rxd4+ Kb3
66. Kd3 c5 67. Rc4 Ka2 68. Rxc5 b3 69. Kc3 b2 70. Ra5+ Kb1 71. Rb5 1-0

[Event "Glenco Chess IM 2014"]
[Site "Fredericia"]
[Date "2014.05.24"]
[Round "7"]
[White "Lubbe, Melanie"]
[Black "Bakr, Jwan"]
[Result "1-0"]
[WhiteElo "2350"]
[BlackElo "2375"]
[PlyCount "103"]
[EventDate "2014.??.??"]

1. e4 d6 2. d4 Nf6 3. Nc3 Nbd7 4. Nf3 e5 5. Bc4 Be7 6. O-O O-O 7. Re1 c6 8. a4
b6 9. b3 a6 10. Bf1 Rb8 11. h3 Re8 12. Bb2 Qc7 13. Qd2 Bf8 14. Rad1 b5 15. Bd3
h6 16. axb5 axb5 17. Ne2 g6 18. Ng3 Bb7 19. h4 Bg7 20. Bf1 Rbd8 21. Ba3 Ng4 22.
h5 Nf8 23. hxg6 fxg6 24. d5 Qb6 25. Bb4 Rd7 26. Ba5 Qa7 27. Ra1 Qb8 28. Bc3 Rf7
29. Ra5 Nh7 30. Re2 c5 31. Rxb5 Qd8 32. Ba5 Qe7 33. Rb6 Ref8 34. b4 Rxf3 35.
gxf3 Ng5 36. Bg2 Nxf3+ 37. Bxf3 Rxf3 38. Kg2 Ra3 39. Re1 Qf7 40. Qe2 h5 41.
Rxd6 Kh7 42. Rb1 c4 43. Bb6 Qf4 44. Rh1 Bc8 45. Rd8 Bb7 46. Rd7 Bc8 47. Rc7 Ba6
48. d6 Bb5 49. d7 Bxd7 50. Rxd7 Nf6 51. Ra7 Rc3 52. Be3 1-0

[Event "Glenco Chess IM 2014"]
[Site "Fredericia"]
[Date "2014.05.24"]
[Round "7"]
[White "Fries Nielsen, Niels Jorgen"]
[Black "Hansen, Mads"]
[Result "1/2-1/2"]
[WhiteElo "2301"]
[BlackElo "2351"]
[PlyCount "37"]
[EventDate "2014.??.??"]



1. d4 Nf6 2. Nf3 e6 3. g3 c5 4. Bg2 cxd4 5. Nxd4 d5 6. O-O Bc5 7. Nb3 Bb6 8.
Nc3 O-O 9. e4 dxe4 10. Nxe4 Nbd7 11. Qe2 Qe7 12. Be3 Nxe4 13. Bxe4 e5 14. Rfe1
Re8 15. Bg2 Bxe3 16. Qxe3 Nf6 17. Qc5 Bf5 18. c3 a6 19. Qxe7 1/2-1/2

[Event "Glenco Chess IM 2014"]
[Site "Fredericia"]
[Date "2014.05.25"]
[Round "8"]
[White "Lubbe, Nikolas"]
[Black "Carstensen, Jacob"]
[Result "1-0"]
[WhiteElo "2428"]
[BlackElo "2373"]
[PlyCount "101"]
[EventDate "2014.??.??"]



1. c4 e5 2. Nc3 Nf6 3. Nf3 Nc6 4. e3 Bb4 5. Qc2 O-O 6. Nd5 Ba5 7. a3 d6 8. Bd3
h6 9. b4 Bb6 10. Nxf6+ Qxf6 11. Bb2 Qe7 12. c5 dxc5 13. b5 Nd4 14. exd4 exd4+
15. Kf1 Be6 16. a4 Ba5 17. Ba3 b6 18. Re1 a6 19. Nxd4 axb5 20. Bxb5 Rad8 21.
Nc6 Qg5 22. Nxa5 Rxd2 23. Qc3 Qf4 24. Qg3 Qxg3 25. hxg3 bxa5 26. Bxc5 Rfd8 27.
Be3 Ra2 28. Rh5 Bb3 29. Rc1 Bxa4 30. Bc4 Rc2 31. Rxc2 Bxc2 32. Rxa5 Bd3+ 33.
Bxd3 Rxd3 34. Rc5 Ra3 35. Rxc7 Ra2 36. Kg1 Ra4 37. Kh2 Ra2 38. g4 Ra4 39. Kg3
Re4 40. Rd7 Ra4 41. Rd8+ Kh7 42. Rf8 Kg6 43. f4 Kf6 44. Rb8 Kg6 45. Rb7 f6 46.
Bc5 Ra8 47. Kh4 Kh7 48. Be7 Kg6 49. f5+ Kf7 50. Bd6+ Kg8 51. Rb8+ 1-0

[Event "Glenco Chess IM 2014"]
[Site "Fredericia"]
[Date "2014.05.25"]
[Round "8"]
[White "Teplyi, Igor"]
[Black "Fries Nielsen, Niels Jorgen"]
[Result "1/2-1/2"]
[WhiteElo "2382"]
[BlackElo "2301"]
[PlyCount "43"]
[EventDate "2014.??.??"]



1. c4 e5 2. g3 c6 3. d4 d6 4. Nc3 Nd7 5. d5 Ngf6 6. dxc6 bxc6 7. Bg2 Bb7 8. e3
Be7 9. Nge2 O-O 10. O-O Rb8 11. b3 Nc5 12. Qd2 Qb6 13. e4 Rfd8 14. Qe3 Ng4 15.
Qf3 Nf6 16. Be3 d5 17. exd5 cxd5 18. cxd5 Bxd5 19. Qf5 Bxg2 20. Kxg2 Qb7+ 21.
Kg1 Nd3 22. Bg5 1/2-1/2

[Event "Glenco Chess IM 2014"]
[Site "Fredericia"]
[Date "2014.05.25"]
[Round "8"]
[White "Fries Nielsen, Jens Ove"]
[Black "Gergacz, Attila"]
[Result "1-0"]
[WhiteElo "2408"]
[BlackElo "2357"]
[PlyCount "83"]
[EventDate "2014.??.??"]



1. d4 d6 2. e4 e5 3. dxe5 dxe5 4. Qxd8+ Kxd8 5. f4 Nc6 6. Nf3 Bb4+ 7. c3 Bd6 8.
f5 Nf6 9. Bg5 h6 10. Bxf6+ gxf6 11. Bc4 Ke7 12. Nbd2 a5 13. a4 Nb8 14. g4 b6
15. h4 Bb7 16. O-O-O Nd7 17. g5 Nc5 18. g6 Nxe4 19. Rhg1 Bc5 20. Bxf7 Bxg1 21.
Rxg1 Nd6 22. Be6 h5 23. Ne1 Bc6 24. Nc2 Bd7 25. Bxd7 Kxd7 26. Ne3 c6 27. Ndc4
Nxc4 28. Nxc4 Rab8 29. Rd1+ Kc7 30. Nd6 Rbd8 31. Ne4 Rxd1+ 32. Kxd1 Kd7 33. g7
Rd8 34. g8=Q Rxg8 35. Nxf6+ Ke7 36. Nxg8+ Kf7 37. Nh6+ Kg7 38. Ke2 Kxh6 39. Ke3
Kg7 40. Ke4 Kf6 41. c4 c5 42. b3 1-0

[Event "Glenco Chess IM 2014"]
[Site "Fredericia"]
[Date "2014.05.25"]
[Round "8"]
[White "Hansen, Mads"]
[Black "Lubbe, Melanie"]
[Result "1/2-1/2"]
[WhiteElo "2351"]
[BlackElo "2350"]
[PlyCount "161"]
[EventDate "2014.??.??"]

1. e4 c5 2. Nf3 d6 3. d4 cxd4 4. Nxd4 Nf6 5. Nc3 Nc6 6. Bg5 e6 7. Qd2 Qb6 8.
O-O-O Qxd4 9. Qxd4 Nxd4 10. Rxd4 a6 11. Be2 Bd7 12. f4 Bc6 13. Bf3 Be7 14. Re1
Rd8 15. Nd5 exd5 16. exd5 Nxd5 17. Bxd5 f6 18. Bh4 Bxd5 19. Rxd5 Kf7 20. f5 g6
21. a4 Rc8 22. Bg3 Rhd8 23. b3 gxf5 24. Rxf5 d5 25. Rd1 d4 26. Rd3 Rc6 27. Rf2
Re6 28. Rf4 Bc5 29. Rdf3 Rc8 30. Kb1 Rcc6 31. Bh4 h5 32. h3 b5 33. a5 Bb4 34.
Rxd4 Bxa5 35. b4 Bb6 36. Rd7+ Re7 37. Rxe7+ Kxe7 38. Rf5 Bd4 39. Rxh5 Ke6 40.
Be1 Be5 41. Rh8 Rc4 42. Kc1 Re4 43. Kd1 Rd4+ 44. Ke2 Re4+ 45. Kf2 Rc4 46. Ra8
Rxc2+ 47. Kf3 Ra2 48. h4 f5 49. h5 Ra3+ 50. Ke2 Ra2+ 51. Kf1 Kf6 52. Re8 Bf4
53. g3 Bc1 54. Rc8 Be3 55. Rg8 Kf7 56. Rh8 Rh2 57. Bc3 Rf2+ 58. Ke1 Rh2 59.
Rh7+ Ke6 60. Kd1 Kd5 61. Re7 f4 62. Re5+ Kc4 63. Be1 Kd4 64. gxf4 Bxf4 65. Rf5
Ke4 66. Rf6 Rxh5 67. Rxa6 Kd3 68. Rf6 Be3 69. Rd6+ Bd4 70. Rg6 Rh1 71. Rg3+ Be3
72. Rf3 Ke4 73. Rf8 Bd4 74. Ke2 Rh2+ 75. Kd1 Kd3 76. Rf3+ Kc4 77. Bd2 Rh1+ 78.
Kc2 Ra1 79. Bc3 Bxc3 80. Rxc3+ Kxb4 81. Rb3+ 1/2-1/2

[Event "Glenco Chess IM 2014"]
[Site "Fredericia"]
[Date "2014.05.25"]
[Round "8"]
[White "Bakr, Jwan"]
[Black "Bank Friis, Carsten"]
[Result "0-1"]
[WhiteElo "2375"]
[BlackElo "2236"]
[PlyCount "70"]
[EventDate "2014.??.??"]



1. d4 d5 2. c4 c6 3. Nf3 Nf6 4. Qc2 Bg4 5. Bf4 Bxf3 6. gxf3 dxc4 7. Qxc4 e6 8.
e4 Nbd7 9. Nc3 Be7 10. Rg1 O-O 11. O-O-O Nh5 12. Be3 b5 13. Qe2 Qa5 14. Qc2 Nb6
15. Kb1 Rfd8 16. Bg5 f6 17. Bd2 Qa6 18. Be3 Kh8 19. f4 g6 20. f5 exf5 21. exf5
g5 22. Qe4 Qb7 23. h4 b4 24. Ne2 Nd5 25. hxg5 fxg5 26. Qh1 Nhf4 27. Bxf4 gxf4
28. Bg2 Nc3+ 29. Nxc3 bxc3 30. b3 Bf6 31. Bxc6 c2+ 32. Kxc2 Rac8 33. d5 Qa6 34.
a4 Qe2+ 35. Rd2 Rxc6+ 0-1

[Event "Glenco Chess IM 2014"]
[Site "Fredericia"]
[Date "2014.05.25"]
[Round "9"]
[White "Fries Nielsen, Niels Jorgen"]
[Black "Lubbe, Nikolas"]
[Result "0-1"]
[WhiteElo "2301"]
[BlackElo "2428"]
[PlyCount "89"]
[EventDate "2014.??.??"]



1. e4 d5 2. exd5 Qxd5 3. Nc3 Qa5 4. Nf3 Nf6 5. h3 Bf5 6. Bc4 e6 7. O-O c6 8.
Re1 Nbd7 9. d3 Bg6 10. Bd2 Qc7 11. Qe2 Bd6 12. Nh4 O-O-O 13. Nxg6 hxg6 14. Ne4
Nxe4 15. dxe4 Bc5 16. Be3 Qe5 17. Bxc5 Nxc5 18. b4 Na4 19. Bd3 Rd4 20. a3 Rhd8
21. Qe3 g5 22. Rab1 Kb8 23. g3 a6 24. Kg2 c5 25. bxc5 Nxc5 26. Rb4 Nxd3 27.
cxd3 Rxb4 28. axb4 Rd4 29. Rb1 f6 30. b5 a5 31. b6 Qd6 32. Rb5 Rxd3 33. Qe1 Qc6
34. Qxa5 Qxe4+ 35. Kh2 Qf3 36. Qa7+ Kc8 37. Rc5+ Kd7 38. Rc7+ Kd6 39. Qxb7
Qxf2+ 40. Qg2 Qxb6 41. Rc2 f5 42. Ra2 Ke7 43. Qa8 Qd6 44. Qa7+ Kf6 45. Qf2 0-1

[Event "Glenco Chess IM 2014"]
[Site "Fredericia"]
[Date "2014.05.25"]
[Round "9"]
[White "Lubbe, Melanie"]
[Black "Teplyi, Igor"]
[Result "1/2-1/2"]
[WhiteElo "2350"]
[BlackElo "2382"]
[PlyCount "78"]
[EventDate "2014.??.??"]



1. e4 c5 2. Nf3 d6 3. d4 cxd4 4. Nxd4 Nf6 5. Nc3 a6 6. Be3 e5 7. Nf3 Be7 8. Bc4
O-O 9. O-O Be6 10. Bb3 b5 11. Nd5 Nbd7 12. Nxf6+ Nxf6 13. Qd3 Qc8 14. Bxe6 fxe6
15. a4 Qc4 16. Nd2 Qc6 17. f3 d5 18. axb5 axb5 19. Rfe1 Bc5 20. Bxc5 Qxc5+ 21.
Kh1 b4 22. Nb3 Qf2 23. Rf1 Rxa1 24. Nxa1 dxe4 25. Qa6 Qe3 26. Qxe6+ Kh8 27.
fxe4 Qxe4 28. Qe7 Ra8 29. Nb3 h6 30. h3 Re8 31. Qf7 Qc6 32. Na5 Qe6 33. Qxe6
Rxe6 34. Nc4 Kh7 35. Re1 e4 36. g4 h5 37. gxh5 Nxh5 38. Kg2 Kg6 39. Kf2 Nf4
1/2-1/2

[Event "Glenco Chess IM 2014"]
[Site "Fredericia"]
[Date "2014.05.25"]
[Round "9"]
[White "Carstensen, Jacob"]
[Black "Fries Nielsen, Jens Ove"]
[Result "1/2-1/2"]
[WhiteElo "2373"]
[BlackElo "2408"]
[PlyCount "91"]
[EventDate "2014.??.??"]



1. d4 Nf6 2. c4 d6 3. Nc3 Nbd7 4. e4 e5 5. Nf3 c6 6. Be2 Be7 7. O-O Qc7 8. Qc2
Nf8 9. d5 Ng6 10. Ne1 O-O 11. Be3 Ng4 12. Bxg4 Bxg4 13. dxc6 bxc6 14. c5 dxc5
15. Na4 Nf4 16. f3 Bc8 17. Rf2 Bg5 18. Kh1 f5 19. Nxc5 Kh8 20. Rd1 fxe4 21.
Nxe4 Bf5 22. Nd3 Nxd3 23. Rxd3 Bxe4 24. fxe4 Qa5 25. Qe2 Bxe3 26. Rxe3 Rxf2 27.
Qxf2 Qxa2 28. h3 Qc4 29. Rf3 Kg8 30. Qh4 Re8 31. b3 Qd4 32. Qh5 g6 33. Qh4 Qd6
34. Qf6 Qxf6 35. Rxf6 Rc8 36. Kg1 Rc7 37. Re6 Kf7 38. Rxe5 Rb7 39. Ra5 Ke6 40.
Kf2 h6 41. Ke2 Rxb3 42. Rxa7 Ke5 43. Rg7 Kf6 44. Rd7 Rc3 45. Rd6+ Kf7 46. Kf2
1/2-1/2

[Event "Glenco Chess IM 2014"]
[Site "Fredericia"]
[Date "2014.05.25"]
[Round "9"]
[White "Gergacz, Attila"]
[Black "Bakr, Jwan"]
[Result "1/2-1/2"]
[WhiteElo "2357"]
[BlackElo "2375"]
[PlyCount "42"]
[EventDate "2014.??.??"]

1. e4 c6 2. d4 d5 3. exd5 cxd5 4. c4 Nf6 5. Nc3 Nc6 6. cxd5 Nxd5 7. Nf3 Bg4 8.
Be2 e6 9. O-O Be7 10. h3 Bxf3 11. Bxf3 O-O 12. Nxd5 exd5 13. Be3 Bf6 14. Qb3
Nxd4 15. Bxd4 Bxd4 16. Qxd5 Qxd5 17. Bxd5 Rfd8 18. Bb3 Bxb2 19. Rad1 Bf6 20.
Rxd8+ Rxd8 21. Rd1 Rxd1+ 1/2-1/2

[Event "Glenco Chess IM 2014"]
[Site "Fredericia"]
[Date "2014.05.25"]
[Round "9"]
[White "Bank Friis, Carsten"]
[Black "Hansen, Mads"]
[Result "1-0"]
[WhiteElo "2236"]
[BlackElo "2351"]
[PlyCount "93"]
[EventDate "2014.??.??"]



1. d4 Nf6 2. Nf3 e6 3. Bf4 c5 4. e3 b6 5. h3 Bb7 6. Nbd2 Be7 7. c3 O-O 8. Bd3
d6 9. O-O Nbd7 10. Qe2 Qc7 11. Bh2 Rfe8 12. Rac1 Rac8 13. Rfe1 Bf8 14. Qf1 e5
15. dxe5 dxe5 16. Rcd1 Rcd8 17. e4 Qb8 18. c4 Bd6 19. Nb1 Nf8 20. Nc3 Ne6 21.
Nd5 Nd7 22. Nd2 a6 23. Nb1 Bc6 24. Nbc3 Nd4 25. Ra1 b5 26. Ne3 Nf8 27. Reb1 Rd7
28. Ncd5 Rb7 29. Qd1 Re6 30. b3 Ng6 31. Bf1 Nf4 32. g3 Rg6 33. Nf5 Qd8 34. Kh1
Nxd5 35. cxd5 Bd7 36. g4 Bxf5 37. gxf5 Rh6 38. Bg2 g6 39. Qd2 Qf8 40. f4 exf4
41. Bxf4 Bxf4 42. Qxf4 gxf5 43. e5 Rd7 44. Rb2 Qg7 45. b4 Re7 46. Re1 f6 47. e6
1-0